000 03476nam0a2200397 4500
001 RU\NLR\BIBL_A\012206593
005 20260407114912.0
035 _a(NLR Aleph) 012206593
090 _a10865384
_c10865384
100 _a20181024d1899 |||y0rusy50 ca
101 0 _arus
102 _aRU
105 _ay z 000zy
200 1 _aГосподину Государственному Секретарю
_fМинистерство Юстиции. Первый Департамент. Часть Юрисконсультская. 4 февраля 1899 года. № 2641. С.-Петербург
210 _aСанкт-Петербург
_c[б. и.]
_d1899
215 _a2 с.
_d33
300 _aТекст начинается словами: При отношении от 17 января сего года за № 280 Ваше Высокопревосходительство сообщили на мое заключение, в печатном экземпляре, представление Министра Народного Просвещения в Государственный Совет (№ 32091), о предоставлении попечителям учебных округов права утверждать торги по подрядам и поставкам на сумму до 10. 000 р. ...
300 _aВ конце текста: подписал: Министр Юстиции, Статс-секретарь Муравьев; Скрепил: Директор С. Манухин
300 _aНа 1-й с.: CLIV, 2
309 _aБез тит. л. и обл.
517 1 _aПри отношении от 17 января сего года за № 280 Ваше Высокопревосходительство сообщили на мое заключение, в печатном экземпляре, представление Министра Народного Просвещения в Государственный Совет (№ 32091), о предоставлении попечителям учебных округов права утверждать торги по подрядам и поставкам на сумму до 10. 000 р. ...
601 0 1 _aРоссия
_bМинистерство юстиции
_jДокументы и материалы
_92420627
_3RU\NLR\AUTH\6601660225
606 1 _aПопечители учебных округов
_jДокументы и материалы
_xФинансово-хозяйственная деятельность
_92467288
_3RU\NLR\AUTH\6601682809
686 3 _aЧ34(28)к221
686 3 _aХ809(2)64,011
702 1 _4720
_8rus
_7ca
_aМуравьев
_bН. В.
_cгос. деятель
_f1850-1908
_gНиколай Валерианович
_3RU\NLR\AUTH\7763067
_945997
702 1 _4720
_aМанухин
_bС. С.
_cгос. деятель, юрист
_f1856-1922
_gСергей Сергеевич
_9197534
_3RU\NLR\AUTH\770197585
711 0 1 _aРоссия
_bГосударственная канцелярия
_3RU\NLR\AUTH\889934420
_9363940
711 0 1 _aРоссия
_bМинистерство юстиции
_3RU\NLR\AUTH\889948183
_9391975
712 0 1 _4570
_aРоссия
_bМинистерство юстиции
_bДепартамент
_bЮристконсультская часть
_c1
_9680810
_3RU\NLR\AUTH\880510216
852 _aNLR
_j135/294-340 (9)
942 _cBOOK
980 _aNB